000 00675nam a2200205Ia 4500
003 GCL
008 140319s9999 xx 000 0 ara d
040 _aGCL /
_cGCL
082 0 4 _a620.1
_bا ا
100 1 _aابراهيم محمد عثمان القرضاوى
245 1 0 _aاساسيات فى الهندسة الميكانيكية /
_cابراهيم محمد عثمان القرضاوى
260 _a[S.N] :
_bمنشاة المعارف ،
_c1989
300 _a547 ص
490 _a
650 0 4 _aالديناميكا الحرارية
650 0 4 _aالمعادن
650 0 4 _aالهندسة الميكانيكية
650 0 4 _aالتعدين
942 _2ddc
_cBK
999 _c34931
_d34931